000
00379nam a2200133Ia 4500
008
100328s9999 xx 000 0 und d
082
_b
68005
100
_a
शेवडे शैलजा.
245
_a
अग अग म्हशी.
260
_b
उन्मेष.
630
_a
अग अग म्हशी.
730
_a
अग अग म्हशी.
942
_c
BOOK
999
_c
553744
_d
553741